000 00829na a2200277 4500
001 17629
003 MIRAKIL
005 20181213154811.0
008 161031b tu 000 0
020 _a975802817X
035 _a17629
040 _aMilas
_btur
_cTR-AnCHP
041 _atur
082 _a338.6046
_bE53s 1996
090 _a338.6046 E53s 1996
100 _aEngin, Aydın
245 _aSolda arayışları
_bKomünist partilerin ardılları, özelleştirme, sosyal demokratların çıkmazı
_cAydın Engin
260 _aİstanbul
_bGüncel yayıncılık
_c1996
300 _a136 s.
_c20 sm.
440 _aGüncel yayıncılık
_v14
490 _aAraştırma Kitaplığı
_v2
650 _aSosyal demokrasi
_xSorunlar
650 _aÖzelleştirme
650 _aKomünist düzen
_xDağılma
942 _2ddc
_cBKS
999 _c1087
_d1087